000 02716cam a22005174i 4500
003 PE-LiUPU
005 20250731173323.0
008 150706s2004 sp a rb 0 spa
020 _a9788481694123
035 _a(Sirsi) i9788481694123
035 _a(Sirsi) 40575
035 _a(Sirsi) 40575
041 _aes
082 0 4 _a270.122
_bW55
100 1 _aWhite, L. Michael,
_eautor.
245 _aDe Jesús al cristianismo :
_bel Nuevo Testamento y la fe cristiana, un proceso de cuatro generaciones /
_cL. Michael White ; traducción, José Pérez Escobar.
264 1 _aNavarra, España :
_bVerbo Divino,
_c2004
300 _a508 páginas :
_bilustraciones ;
_c24 centímetros.
336 _atext
_2rdacontent
337 _aunmediated
_2rdamedia
338 _avolume
_2rdacarrier
490 0 _aAgora
_v21
504 _aIncluye referencias bibliográficas
505 0 _aEl mundo del nuevo testamento -- Introducción al mundo de Jesús -- Religión y sociedad en el mundo romano -- El judaísmo en Palestina y en la diáspora -- La primera generación: los comienzos sectarios -- La segunda generación: los dolores de parto y nuevos horizontes -- La tercera generación: de la secta a la iglesia -- La cuarta generación: llegada a la mayoría de edad en el mundo romano -- Las redes de la fe: trayectorias literarias y tendencias regionales -- El dilema de la diversidad: delimitación de la herejía y la ortodoxia -- Cerrando filas: el nuevo testamento adquiere forma.
526 _aSEG42
526 _aSEG41
526 _aSEG40
526 _aSEG39
526 _aP94
526 _aP87
526 _aP86
526 _aP85
526 _aP77
526 _aP76
526 _aP35
630 _aBiblia
_pN.T.
_xHistoria de eventos contemporáneos
650 1 4 _aIglesia
_xHistoria
_yEpoca primitiva ca. 30-600
942 _2ddc
_cBOOK
949 _a270.1 22 W55
_i57795
_lCCODEBUL1
_mBUL
_tLIBRO
_o.STAFF. Colección Teología
910 _agl
_bjv
_clch
_d20080115
596 _a1
999 _a270.1 22 W55
_wDEWEY
_c46793
_i59039
_d46793
_e2016-10-23
_f2021-11-11
_g5
_lCCODEBUL1
_mBUL
_n5
_p72.00
_r0
_sY
_tBOOK
_u2015-6-25
_xTEOLOGIA
_PP35
_0COMPRA
_o.STAFF. Colección Teología
999 _a270.1 22 W55
_wDEWEY
_c2
_i57795
_d2018-5-15
_e2018-5-14
_f2021-11-11
_g5
_lCCODEBUL1
_mBUL
_n1
_p68.00
_q2
_r0
_sY
_tBOOK
_u2015-6-25
_xTEOLOGIA
_zUNKNOWN
_0COMPRA
_o.STAFF. Colección General
999 _a270.1 22 W55
_wDEWEY
_c3
_i69534
_d2017-1-22
_e2017-1-20
_f2021-11-11
_g5
_lCCODEBUL1
_mBUL
_n5
_p102.00
_r0
_sY
_tBOOK
_u2015-6-25
_xTEOLOGIA
_PP35
_0COMPRA
_o.PUBLIC. Documento de alto precio
_o.STAFF. Colección Teología
980 _81
_gALBERTO SANCHEZ Responsable de Automatización